Lage der Sinnesorgane eines Haies - Statistiken

Allgemein
  • Dieses Quiz wurde 10 mal gespielt
  • Das Durchschnittsergebnis liegt bei 3 aus 6
Antwortstatistiken
Bildquiz Antwort % Korrekt
1. Sehen (Augen)
100%
2. Hören (Ohren)
100%
3. Wasserdruck (Seitenlinie)
50%
4. Tastsinn (Haut)
50%
5. Geruch und Geschmack
0%
6. Elektrische Wahrnemung (Lorenzinische Ampullen)
0%
Keine übereinstimmenden Quizze gefunden
Verteilung der Resultate
Anzahl Personen mit jedem Resultat
Perzentil nach korrekt beantworteten Fragen
Ihre Resultats-Entwicklung
Sie haben dieses Quiz noch nicht gespielt